000 00434nam a2200181Ia 4500
008 151202s9999||||xx |||||||||||||| ||und||
082 _bPNVM-83208
100 _aROBERTS NORA.
245 _aHappy ever after.
260 _b"BERKLEY BOOK,NEW YORK."
260 _c2010
300 _a355
600 _aROBERTS NORA.
630 _aHappy ever after.
700 _aROBERTS NORA.
730 _aHappy ever after.
942 _cBOOK
999 _c1348023
_d1348020